Normal view
MARC view
- /مزروع،طاهر مترجم/Zehner.K م.مشارك/Ihlefeld.U م.مشارك/Erlebach.E مؤلف
Entry Personal Name
001 - CONTROL NUMBER
- control field: 14984
003 - CONTROL NUMBER IDENTIFIER
- control field: JO-AjAnu
005 - DATE AND TIME OF LATEST TRANSACTION
- control field: 20230606072706.0
008 - FIXED-LENGTH DATA ELEMENTS
- fixed length control field: 230606|| aca||aabn | a|a d
040 ## - CATALOGING SOURCE
- Original cataloging agency: JO-AjAnu
- Transcribing agency: JO-AjAnu
100 ## - HEADING--PERSONAL NAME
- Personal name: /مزروع،طاهر مترجم/Zehner.K م.مشارك/Ihlefeld.U م.مشارك/Erlebach.E مؤلف
670 ## - SOURCE DATA FOUND
- Source citation: Work cat.: (JO-AjAnu)7694: /مزروع،طاهر مترجم/Zehner.K م.مشارك/Ihlefeld.U م.مشارك/Erlebach.E مؤلف, author, علم النفس للمعلم والمربي= Psycho logie fur Lehrer und Erzieher